000 00408nam a2200157Ia 4500
008 160316s1991 xxu||||| |||| 00| 0 eng d
082 _a301.000000
_bSES
100 _aSeshadri K
245 _aSocial ethos of South India
250 _a
260 _aJaipur
_bArihant Publications
_c1991
300 _a120p
_b
_cxiv
365 _bRs.145/-
650 _a1.Sociology - Social Ethos - South India
700 _a
_a
999 _c5054
_d5054